[Event "Rasht Jangal Cup 1st"]
[Site "Rasht"]
[Date "2021.12.09"]
[Round "8"]
[White "Khazaei, Parviz"]
[Black "Rastbod, Ali"]
[Result "0-1"]
[WhiteElo "2137"]
[BlackElo "2326"]
[PlyCount "60"]
[EventDate "2021.12.05"]
[EventType "swiss"]
[EventRounds "9"]
[EventCountry "IRI"]
[SourceTitle "EXT 2023"]
[Source "ChessBase"]
[SourceDate "2022.10.05"]
[SourceVersion "1"]
[SourceVersionDate "2022.10.05"]
[SourceQuality "1"]

1. e4 Nc6 2. Nf3 g6 3. d4 Bg7 4. Bc4 d6 5. Nc3 Nf6 6. Be3 0-0 7. h3 a6 8. a4 Nb4 9. Bb3 b6 10. 0-0 Bb7 11. d5 c6 12. dxc6 Nxc6 13. Nd5 Nxd5 14. exd5 Na5 15. Ba2 Rc8 16. Nd2 b5 17. axb5 axb5 18. c3 Nc4 19. Nxc4 bxc4 20. Bd4 e5 21. dxe6 fxe6 22. Qg4 Bd5 23. Rfe1 Bxd4 24. Qxd4 Qg5 25. Qg4 Qxg4 26. hxg4 Ra8 27. Rec1 Rfb8 28. Rcb1 Rb6 29. b4 cxb3 30. c4 Bxc4 0-1